00845cam a22002771a 4500001001300000003000400013005001700017008004100034010001700075025002000092035001800112040002200130042001200152050002000164100003400184245006500218250001300283260004100296300002600337500006600363504003500429651003000464651003200494650002400526999001700550sa 67006800 DLC20260227112410.0711102s1966 ii b 000 0 eng  asa 67006800  aPL480: I-E-8772 a(OCoLC)167836 aDLCcOAUdWUdDLC apremarc00aHN686b.D4 19661 aDesai, Akshayakumar Ramanlal.10aSocial background of Indian nationalism /c[by] A. R. Desai. a[4th ed] aBombay :bPopular Prakashan,c[1966] axix, 461 p. ;c23 cm. aBased on the author's Ph. D. thesis, Bombay University, 1945. aBibliography: p. [443] - 451. 0aIndiaxSocial conditions. 0aIndiaxEconomic conditions. 0aNationalismzIndia. c76167d76167